[Event "U20 Pan-American Chess Championship Open"]
[Site "Sede Social CFCSN - Rua Gen. O"]
[Date "2023.11.10"]
[Round "7.3"]
[White "Oro, Faustino"]
[Black "Schnaider, Ilan"]
[Result "1/2-1/2"]
[WhiteElo "2377"]
[BlackElo "2333"]
[Annotator "Stockfish 16"]
[PlyCount "90"]
[EventDate "2023.11.06"]
[EventRounds "9"]
[EventCountry "BRA"]

{[%evp 9,90,33,26,28,28,28,29,27,26,25,27,14,20,20,31,19,103,103,93,90,94,40,
46,42,53,22,25,30,34,37,91,31,36,12,14,13,11,7,14,0,0,0,0,0,1,0,0,-7,3,0,0,0,0,
-9,-2,-9,-2,-5,0,0,0,-6,0,-2,0,0,0,-5,0,-8,0,-5,0,-7,-3,-5,-3,-13,0,-2,0,-7,0]
} 1. e4 c5 2. c3 e5 3. Nf3 Nc6 4. Bc4 Nf6 5. Ng5 d5 6. exd5 Nxd5 7. Qh5 {
[%csl Gg5][%cal Rh5f7]} g6 $1 {[%cal Rg6h5]} 8. Qf3 $1 {[%csl Gg5][%cal Rf3f7]
[%mdl 64] [#] Double Attack. White has an edge.} Qxg5 9. Bxd5 Nd8 10. O-O Qe7
11. d4 exd4 12. cxd4 Bg7 {[%eval 103,23]} (12... cxd4 $11 {[%eval 19,28] keeps
the balance.} 13. Nd2 Bg7) 13. dxc5 $16 O-O 14. Nc3 Ne6 15. Bxe6 Bxe6 16. Be3
Rfd8 17. Rfd1 Rxd1+ 18. Rxd1 Bxc3 19. bxc3 Bxa2 20. h3 {[%eval 31,25]} (20. h4
$16 {[%eval 91,20]}) 20... a5 $1 $14 21. Ra1 Bb3 {The position is equal.} 22.
c6 bxc6 23. Qxc6 Qd8 24. Bd4 a4 25. Qb5 Qe8 26. Qb4 Rc8 27. Qb7 Qe6 28. Qf3 Re8
(28... h6 {is more complex.} 29. Qb7 Kh7 30. Qb4 Rd8 31. Qb7 Qd5) 29. Qf4 Qf5
30. Qd2 (30. Qg3 {seems wilder.} Qe6 31. Qf4 Qf5 32. Qg3) 30... f6 31. Be3 Qe6
32. Qd4 Qe5 33. Qd7 Qe7 34. Qc6 Qe6 35. Qf3 Qf5 36. Qc6 Qe6 37. Qb5 Qe5 38. Qd7
Qe6 39. Qd2 Qf5 40. Bd4 Kf7 41. Qh6 Kg8 42. Qd2 Kf7 43. Be3 Kg8 44. Qd6 Qe5 45.
Qd2 Qf5 {Accuracy: White = 82%, Black = 85%.} 1/2-1/2

[Event "U20 Pan-American Chess Championship Open"]
[Site "Sede Social CFCSN - Rua Gen. O"]
[Date "2023.11.10"]
[Round "7.7"]
[White "Silva, Kaua Marques"]
[Black "Piccoli, Lucas Fonseca"]
[Result "0-1"]
[WhiteElo "2235"]
[BlackElo "2225"]
[PlyCount "55"]
[EventDate "2023.11.06"]
[EventRounds "9"]
[EventCountry "BRA"]

{[%evp 0,55,26,22,71,63,70,40,43,39,28,28,51,43,206,71,71,-63,58,23,43,24,77,
45,80,41,43,43,50,37,37,-17,10,47,30,41,87,86,98,82,90,95,125,72,109,74,69,67,
32,30,75,-21,-101,-128,92,102,143,-291]} 1. e4 c5 2. Nf3 Nc6 3. d4 cxd4 4. Nxd4
Nf6 5. Nc3 e5 6. Ndb5 d5 7. Bg5 a6 8. Na3 b5 9. Bxf6 gxf6 10. Nxd5 Bg7 11. c3
f5 12. Bd3 Ne7 13. Nxe7 Qxe7 14. exf5 e4 15. Be2 O-O 16. Nc2 Bxf5 17. O-O Bg6
18. a4 bxa4 19. Rxa4 a5 20. Bc4 Rab8 21. Ra2 Kh8 22. Re1 Be5 23. Ne3 f5 24. Nd5
Qg5 25. f4 exf3 26. Qxf3 Qh4 27. Rxe5 Qxc4 28. Qe3 0-1

[Event "U20 Pan-American Chess Championship Open 2023"]
[Site "Sede Social CFCSN - Rua Gen. Oswaldo P. da Veiga, 231 - 3º Andar - Volta Redonda"]
[Date "2023.11.10"]
[Round "7"]
[Board "8"]
[White "Filgueiras, Nathan Felipe"]
[Black "Tomiello, Mateus Costamilan"]
[Result "1-0"]
[WhiteElo "2323"]
[BlackElo "2145"]
[PlyCount "139"]
[EventDate "2023.11.06"]
[EventRounds "9"]
[EventCountry "BRA"]

1. e4 c6 2. c4 d5 3. exd5 cxd5 4. cxd5 Nf6 5. Qa4+ Nbd7 6. Nc3 g6 7. g3 Bg7 8. Bg2
O-O 9. Nge2 a6 10. d4 b5 11. Qb3 Bb7 12. O-O Nb6 13. Nf4 Rb8 14. a3 Qd6 15. Re1 Rfd8
16. Re5 Ng4 17. Rg5 Nf6 18. Re5 Nc4 19. Nd3 Qb6 20. Be3 Re8 21. h3 Rbd8 22. Re1 Qc7
23. Bf4 Nxe5 24. Nxe5 Nh5 25. Bg5 Bf6 26. Bh6 Bg7 27. Bg5 Nf6 28. Bf4 Qb6 29. Nc6
Bxc6 30. dxc6 e6 31. c7 Rc8 32. d5 Nh5 33. dxe6 fxe6 34. Bg5 Qxc7 35. Rxe6 Kh8 36.
Qd5 Rf8 37. Qe4 Nf6 38. Qe2 Qc5 39. Bf4 Rce8 40. Rxe8 Rxe8 41. Qd2 a5 42. Be3 Qe5
43. a4 b4 44. Nb5 Ne4 45. Qd7 Nxg3 46. Nd6 Rf8 47. Nf7+ Rxf7 48. Qxf7 Nf5 49. Bd5
Qb8 50. Bf4 Qd8 51. b3 h5 52. Qb7 Ne7 53. Qa8 Qxa8 54. Bxa8 Bd4 55. Bc7 Kg7 56. Bxa5
Bc5 57. Bc7 Kf6 58. Kg2 Ke6 59. Be4 g5 60. a5 Kd7 61. Bb6 Bxb6 62. axb6 Nc6 63. b7
Nb8 64. Kg3 Ke6 65. Bf3 h4+ 66. Kg4 Kf6 67. Be2 Nc6 68. Bb5 Nb8 69. f4 gxf4 70. Kxf4
 1-0

[Event "U20 Pan-American Chess Championship Open 2023"]
[Site "Sede Social CFCSN - Rua Gen. Oswaldo P. da Veiga, 231 - 3º Andar - Volta Redonda"]
[Date "2023.11.10"]
[Round "7"]
[Board "9"]
[White "Castro Salgado, Pablo"]
[Black "Vazquez, Facundo"]
[Result "1/2-1/2"]
[WhiteElo "2150"]
[BlackElo "2407"]
[PlyCount "89"]
[EventDate "2023.11.06"]
[EventRounds "9"]
[EventCountry "BRA"]

1. d4 Nf6 2. c4 e6 3. Nf3 b6 4. a3 Bb7 5. Nc3 d5 6. cxd5 Nxd5 7. e3 Be7 8. Bb5+ c6
9. Bd3 O-O 10. Qc2 h6 11. O-O Nxc3 12. bxc3 c5 13. Qe2 Qc8 14. e4 Ba6 15. Rd1 Rd8
16. Ne5 Bd6 17. Bf4 c4 18. Bc2 Nd7 19. Ng6 Nf8 20. Bxd6 Nxg6 21. Bg3 Bb7 22. h4 Qc6
23. Qg4 Qe8 24. Re1 f6 25. Rad1 Qf7 26. f4 Ne7 27. Qe2 Rac8 28. Bf2 Kf8 29. h5 Kg8
30. Bh4 Re8 31. Ba4 Bc6 32. Bc2 b5 33. Qf2 Qxh5 34. Rd2 Qf7 35. Re3 Ng6 36. Bd1 Nxh4
37. Qxh4 Qb7 38. Bc2 e5 39. Rg3 Kh8 40. d5 Qb6+ 41. Kh2 Bd7 42. Rf3 Rf8 43. Rdf2
Qd6 44. Rf1 Kg8 45. Qh5  1/2-1/2

[Event "U20 Pan-American Chess Championship Open 2023"]
[Site "Sede Social CFCSN - Rua Gen. Oswaldo P. da Veiga, 231 - 3º Andar - Volta Redonda"]
[Date "2023.11.10"]
[Round "7"]
[Board "10"]
[White "Vasquez Vargas, Henry Richard"]
[Black "Reyes Zavaleta, Cristhian Yamil"]
[Result "1-0"]
[WhiteElo "2216"]
[BlackElo "1804"]
[PlyCount "143"]
[EventDate "2023.11.06"]
[EventRounds "9"]
[EventCountry "BRA"]

1. d4 d5 2. Nc3 Nf6 3. Bf4 c6 4. e3 Bg4 5. f3 Bh5 6. g4 Bg6 7. h4 h6 8. Bd3 Bxd3
9. Qxd3 e6 10. Nge2 Bd6 11. O-O-O Na6 12. e4 Bxf4+ 13. Nxf4 dxe4 14. fxe4 Qc7 15.
e5 O-O-O 16. Qf3 Nd7 17. Ne4 Kb8 18. Kb1 Nb6 19. Nd6 Nc8 20. Nxc8 Kxc8 21. Rhe1 g6
22. c4 Rhe8 23. c5 Rd7 24. h5 g5 25. Ne2 Qa5 26. a3 Red8 27. Rc1 Nc7 28. Red1 Nd5
29. Ng3 Nf4 30. Ne4 Kb8 31. Nd6 Rf8 32. Qe4 Qa4 33. Qh7 Ne2 34. Qxh6 Rfd8 35. Qxg5
Nc3+ 36. Rxc3 Qxd1+ 37. Ka2 Qxd4 38. h6 Qd5+ 39. Ka1 a5 40. Rc1 Qd3 41. Qf6 Ka7 42.
Rh1 Qd5 43. Rc1 Qd3 44. g5 Rb8 45. Qg7 Rdd8 46. h7 Rh8 47. Rh1 Qf3 48. Qh6 b6 49.
Qh3 Qxh3 50. Rxh3 Rbf8 51. Kb1 bxc5 52. Kc2 Kb6 53. Kc3 c4 54. Kxc4 c5 55. b3 Kc6
56. Rh4 a4 57. b4 cxb4 58. axb4 a3 59. b5+ Kb6 60. Kb3 Kc5 61. Kxa3 Kd5 62. Kb4 Kxe5
63. Kc5 Rc8+ 64. Nxc8 Rxc8+ 65. Kb4 Rh8 66. b6 Kd6 67. b7 Kc6 68. Kc4 Kxb7 69. Kd4
Kc7 70. Ke5 Kd7 71. Kf6 e5 72. Kg7  1-0

[Event "U20 Pan-American Chess Championship Open 2023"]
[Site "Sede Social CFCSN - Rua Gen. Oswaldo P. da Veiga, 231 - 3º Andar - Volta Redonda"]
[Date "2023.11.10"]
[Round "7"]
[Board "11"]
[White "Cahuapaza Tarapaca, Leonardo"]
[Black "Seccafim, Caic Dos Santos"]
[Result "0-1"]
[WhiteElo "1818"]
[BlackElo "2062"]
[PlyCount "92"]
[EventDate "2023.11.06"]
[EventRounds "9"]
[EventCountry "BRA"]

1. d4 c5 2. e3 Nf6 3. Nf3 g6 4. c4 Bg7 5. Nc3 O-O 6. Be2 cxd4 7. Nxd4 Nc6 8. O-O
d6 9. b3 d5 10. Bb2 Nxd4 11. exd4 dxc4 12. bxc4 Bf5 13. Qb3 Ne4 14. Rfd1 Nxc3 15.
Bxc3 Qc7 16. Rac1 Rac8 17. Bb4 Rfd8 18. d5 b6 19. g4 Qe5 20. Re1 Bd7 21. Qf3 Qf6
22. Qe3 e6 23. Bf3 Qb2 24. Bc3 Bxc3 25. Rxc3 exd5 26. Rec1 dxc4 27. Qe7 Be6 28. R3c2
Qb5 29. Qf6 Qc5 30. a4 Qd4 31. Qg5 Rc5 32. Qh4 a6 33. Re1 Kg7 34. Re3 Qf6 35. Qg3
b5 36. Rce2 b4 37. h4 h6 38. Re5 Rxe5 39. Rxe5 Rd3 40. Re3 Rxe3 41. fxe3 g5 42. hxg5
hxg5 43. Be4 c3 44. Qd6 b3 45. Qxa6 c2 46. Qc6 Qa1+  0-1

[Event "U20 Pan-American Chess Championship Open 2023"]
[Site "Sede Social CFCSN - Rua Gen. Oswaldo P. da Veiga, 231 - 3º Andar - Volta Redonda"]
[Date "2023.11.10"]
[Round "7"]
[Board "12"]
[White "Munoz Ramos, Christopher"]
[Black "Casalaspro, Mathias Andre"]
[Result "1/2-1/2"]
[WhiteElo "2038"]
[BlackElo "2060"]
[PlyCount "97"]
[EventDate "2023.11.06"]
[EventRounds "9"]
[EventCountry "BRA"]

1. d4 Nf6 2. c4 g6 3. Nf3 Bg7 4. e4 d6 5. Nc3 O-O 6. Be2 e5 7. O-O Nc6 8. d5 Ne7
9. Ne1 Nd7 10. Be3 f5 11. f3 f4 12. Bf2 g5 13. b4 Nf6 14. Rc1 Ng6 15. c5 Rf7 16.
a4 h5 17. a5 g4 18. cxd6 g3 19. hxg3 fxg3 20. Bxg3 cxd6 21. Nd3 h4 22. Bh2 Nh5 23.
f4 Ng3 24. Bh5 Nxf1 25. Bxg6 Rf6 26. f5 Nxh2 27. Kxh2 Bd7 28. Qh5 Be8 29. Bxe8 Qxe8
30. Qxe8+ Rxe8 31. Nb5 a6 32. Na3 Bh6 33. Rc3 Rf7 34. Nf2 Bd2 35. Rb3 Rg7 36. Nc4
Be1 37. Nd3 Bg3+ 38. Kh3 Rd8 39. Ne3 Rc7 40. Ng4 Kf7 41. b5 Rdc8 42. bxa6 bxa6 43.
Rb6 Rc3 44. Rxd6 Rxd3 45. Rd7+ Kf8 46. Nf6 Bf2+ 47. Kh2 Bg3+ 48. Kh3 Bf2+ 49. Kh2
 1/2-1/2

[Event "U20 Pan-American Chess Championship Open 2023"]
[Site "Sede Social CFCSN - Rua Gen. Oswaldo P. da Veiga, 231 - 3º Andar - Volta Redonda"]
[Date "2023.11.10"]
[Round "7"]
[Board "13"]
[White "Varillas Jimenez, Ivan"]
[Black "Nascimento, Nicolas Daniel Trindade"]
[Result "1/2-1/2"]
[WhiteElo "1985"]
[BlackElo "1797"]
[PlyCount "52"]
[EventDate "2023.11.06"]
[EventRounds "9"]
[EventCountry "BRA"]

1. c4 Nf6 2. Nf3 e6 3. g3 b6 4. Bg2 Bb7 5. O-O Be7 6. b3 O-O 7. Bb2 d5 8. cxd5 Bxd5
9. Nc3 Bb7 10. d4 Nbd7 11. Qc2 c5 12. e4 Rc8 13. Rfe1 cxd4 14. Nxd4 Qc7 15. Rac1
Qb8 16. Kh1 Qa8 17. f3 Rfd8 18. Rcd1 Ne5 19. Nde2 Ba6 20. Nc1 Bb7 21. Nd3 Nxd3 22.
Rxd3 Rxd3 23. Qxd3 Rd8 24. Qe2 Qc8 25. Rd1 Rxd1+ 26. Qxd1 Qc5  1/2-1/2

[Event "U20 Pan-American Chess Championship Open 2023"]
[Site "Sede Social CFCSN - Rua Gen. Oswaldo P. da Veiga, 231 - 3º Andar - Volta Redonda"]
[Date "2023.11.10"]
[Round "7"]
[Board "14"]
[White "Nascimento, Kaio Vinicius Da Trindade"]
[Black "Lima, Carlos Eduardo I De Araujo"]
[Result "0-1"]
[WhiteElo "1310"]
[BlackElo "1857"]
[PlyCount "77"]
[EventDate "2023.11.06"]
[EventRounds "9"]
[EventCountry "BRA"]

1. d4 c6 2. c4 d5 3. cxd5 cxd5 4. Nc3 Nf6 5. Nf3 e6 6. Bf4 Be7 7. e3 O-O 8. Bd3 a6
9. O-O Nc6 10. h3 Bd6 11. Ne5 Bxe5 12. dxe5 Nd7 13. Qg4 g6 14. Qg3 Qc7 15. e4 d4
16. Ne2 Re8 17. a3 b5 18. Rac1 Qb6 19. Rfd1 Bb7 20. Bb1 Rad8 21. Bg5 Rc8 22. Bf6
Nxf6 23. exf6 e5 24. Qg5 Na5 25. Ng3 h6 26. Qh4 Kh7 27. f4 Rxc1 28. Rxc1 d3+ 29.
Kh2 d2 30. Rd1 Qf2 31. f5 Nc4 32. Qg4 Ne3 33. fxg6+ Kh8 34. Qf3 Qxf3 35. gxf3 Nxd1
36. g7+ Kg8 37. Nf1 Rd8 38. f4 Nxb2 39. Nxd2  0-1

[Event "U20 Pan-American Chess Championship Open 2023"]
[Site "Sede Social CFCSN - Rua Gen. Oswaldo P. da Veiga, 231 - 3º Andar - Volta Redonda"]
[Date "2023.11.10"]
[Round "7"]
[Board "16"]
[White "Errazola, Mauricio"]
[Black "Reyes Zavaleta, Sergio Gabriel"]
[Result "0-1"]
[WhiteElo "1725"]
[BlackElo "1287"]
[PlyCount "84"]
[EventDate "2023.11.06"]
[EventRounds "9"]
[EventCountry "BRA"]

1. d4 d5 2. Bf4 Nf6 3. Nc3 c5 4. e3 e6 5. Nb5 Na6 6. Nf3 Bd7 7. c3 Be7 8. Ne5 O-O
9. g4 Bxb5 10. Bxb5 cxd4 11. exd4 Nc7 12. Bd3 Ne4 13. Qe2 f6 14. Nf3 Bd6 15. Bxd6
Nxd6 16. O-O-O Re8 17. Qc2 h6 18. Rde1 Rc8 19. h4 Ncb5 20. g5 Qa5 21. Kb1 Rxc3 22.
bxc3 Na3+ 23. Kb2 Nxc2 24. Kxc2 Qxa2+ 25. Kd1 Ne4 26. Bxe4 dxe4 27. Nd2 Qa1+ 28.
Kc2 Qa2+ 29. Kd1 hxg5 30. hxg5 f5 31. Rh3 Kf7 32. Ke2 e5 33. Rb1 b6 34. Rb5 Qa6 35.
c4 exd4 36. Rxf5+ Kg6 37. Rb5 Qa1 38. Rd5 d3+ 39. Ke3 Qe1+ 40. Kd4 Qxd2 41. Rd6+
Kf7 42. g6+ Ke7  0-1